A course module for the contemporary world / Nephtaly Joel B. Botor [and four others]. (Record no. 20478)
| 000 -LEADER | |
|---|---|
| fixed length control field | 00522nam a22001577a 4500 |
| 020 ## - INTERNATIONAL STANDARD BOOK NUMBER | |
| ISBN | 9786210404319 |
| 082 ## - DEWEY DECIMAL CLASSIFICATION NUMBER | |
| Classification number | 361 |
| Item number | B7496 2020 |
| 100 ## - MAIN ENTRY--AUTHOR NAME | |
| Personal name | Botor, Nephtaly Joel B., author. |
| 245 ## - TITLE STATEMENT | |
| Title | A course module for the contemporary world / Nephtaly Joel B. Botor [and four others]. |
| 260 ## - PUBLICATION, DISTRIBUTION, ETC. (IMPRINT) | |
| Place of publication | Manila : |
| Name of publisher | Rex Book Store, |
| Year of publication | ©2020. |
| 300 ## - PHYSICAL DESCRIPTION | |
| Number of Pages | vi, 305 pages : |
| Other physical details | illustrations ; 26 cm. |
| 500 ## - GENERAL NOTE | |
| General note | Includes bibliographical references and index. |
| 650 ## - SUBJECT ADDED ENTRY--TOPICAL TERM | |
| Topical Term | Gloablization. |
| 650 ## - SUBJECT ADDED ENTRY--TOPICAL TERM | |
| Topical Term | World economics. |
| 942 ## - ADDED ENTRY ELEMENTS (KOHA) | |
| Koha item type | Books |
| Source of acquisition | Permanent Location | Date acquired | Koha item type | Collection code | Accession Number | Lost status | Shelving location | Withdrawn status | Current Location | Full call number |
|---|---|---|---|---|---|---|---|---|---|---|
| School | Cagayan State University - Carig Library | 2025-05-20 | Books | Social Sciences | 010788 | General Collection | Cagayan State University - Carig Library | 361 B7496 2020 | ||
| School | Cagayan State University - Carig Library | 2025-05-20 | Books | Social Sciences | 010789 | General Collection | Cagayan State University - Carig Library | 361 B7496 2020 | ||
| School | Cagayan State University - Carig Library | 2025-05-20 | Books | Social Sciences | 010790 | General Collection | Cagayan State University - Carig Library | 361 B7496 2020 |